000 00552nam a2200217Ia 4500
003 OSt
005 20230411093119.0
008 210423s2009 xx 000 0 und d
020 _a978-81-203-3636-0
040 _cAL
041 _aeng
082 _a658.1 BHAW
100 _aBHATTACHARYA (Hrishikes)
_985800
245 _aWorking capital management Ed 2
260 _aND
_bPHI Learning Pvt Ltd
_c2009
300 _a508
_bPB
365 _b375
_cINR
650 _aManagement
_985801
906 _acapital ; management ; Working
942 _2ddc
_cBK
999 _c158420
_d158420